<?xml version="1.0" encoding="UTF-8"?>
<record
    xmlns:xsi="http://www.w3.org/2001/XMLSchema-instance"
    xsi:schemaLocation="http://www.loc.gov/MARC21/slim http://www.loc.gov/standards/marcxml/schema/MARC21slim.xsd"
    xmlns="http://www.loc.gov/MARC21/slim">

  <leader>01392nam a22002537a 4500</leader>
  <controlfield tag="003">DO-SdBNP</controlfield>
  <controlfield tag="005">20210908093814.0</controlfield>
  <controlfield tag="007">ta</controlfield>
  <controlfield tag="008">210623e2004    dr abd|ert||| 00| 0 spa d</controlfield>
  <datafield tag="040" ind1=" " ind2=" ">
    <subfield code="a">DO-SdBNP</subfield>
    <subfield code="b">spa</subfield>
    <subfield code="c">BNPHU</subfield>
  </datafield>
  <datafield tag="082" ind1=" " ind2="4">
    <subfield code="a">320.97293</subfield>
    <subfield code="b">R426m</subfield>
    <subfield code="2">22</subfield>
  </datafield>
  <datafield tag="110" ind1="1" ind2=" ">
    <subfield code="a">Rep&#xFA;blica Dominicana.</subfield>
    <subfield code="9">447</subfield>
    <subfield code="b">Presidente  (2000-2004 : Mej&#xED;a Dom&#xED;nguez)</subfield>
  </datafield>
  <datafield tag="245" ind1="1" ind2="0">
    <subfield code="a">Ejecutorias del gobierno del presidente Ing. Hip&#xF3;lito Mej&#xED;a Dom&#xED;nguez : </subfield>
    <subfield code="b">agosto 2000 - febrero 2004.</subfield>
  </datafield>
  <datafield tag="260" ind1=" " ind2=" ">
    <subfield code="a">Santo Domingo :</subfield>
    <subfield code="b">[s.n.],</subfield>
    <subfield code="c">2004</subfield>
  </datafield>
  <datafield tag="300" ind1=" " ind2=" ">
    <subfield code="a">313 p. :</subfield>
    <subfield code="b">il., cuadros, mapas ;</subfield>
    <subfield code="c">27 cm</subfield>
  </datafield>
  <datafield tag="500" ind1=" " ind2=" ">
    <subfield code="a">Incluye listado de siglas de las instituciones p&#xFA;blicas.</subfield>
  </datafield>
  <datafield tag="505" ind1="0" ind2="0">
    <subfield code="t">Palabras  del Sr. presidente.--</subfield>
    <subfield code="t">Perfil  biogr&#xE1;fico del presidente.--</subfield>
    <subfield code="t">Resumen ejecutivo de las ejecutorias de gobierno.--</subfield>
    <subfield code="t">Ejecutorias del gobierno por regiones y provincias: Regi&#xF3;n Central.-- Regi&#xF3;n del Valle.-- Regi&#xF3;n del Distrito Nacional.-- Regi&#xF3;n Enriquillo.-- Regi&#xF3;n Este.-- Regi&#xF3;n Norcentral.-- Regi&#xF3;n Nordeste.-- Regi&#xF3;n Noroeste.-- Regi&#xF3;n Valdesia.-- </subfield>
    <subfield code="t">Nivel Nacional.--</subfield>
    <subfield code="t">Anexos.</subfield>
  </datafield>
  <datafield tag="590" ind1=" " ind2=" ">
    <subfield code="a">Inventariado, 2021/MFF</subfield>
  </datafield>
  <datafield tag="651" ind1=" " ind2="4">
    <subfield code="a">Rep&#xFA;blica Dominicana</subfield>
    <subfield code="x">Pol&#xED;tica y gobierno</subfield>
    <subfield code="y">2000-2004</subfield>
    <subfield code="9">14609</subfield>
  </datafield>
  <datafield tag="651" ind1=" " ind2="4">
    <subfield code="a">Rep&#xFA;blica Dominicana</subfield>
    <subfield code="v">Pol&#xED;tica econ&#xF3;mica</subfield>
    <subfield code="y">2000-2004</subfield>
    <subfield code="9">79290</subfield>
  </datafield>
  <datafield tag="651" ind1=" " ind2="4">
    <subfield code="a">Rep&#xFA;blica Dominicana</subfield>
    <subfield code="x">Obras p&#xFA;blicas </subfield>
    <subfield code="y">2000-2004</subfield>
    <subfield code="9">79425</subfield>
  </datafield>
  <datafield tag="910" ind1=" " ind2=" ">
    <subfield code="a">Validado. Control de calidad MFF</subfield>
  </datafield>
  <datafield tag="942" ind1=" " ind2=" ">
    <subfield code="2">ddc</subfield>
    <subfield code="c">LBS1</subfield>
  </datafield>
  <datafield tag="952" ind1=" " ind2=" ">
    <subfield code="0">0</subfield>
    <subfield code="1">0</subfield>
    <subfield code="2">ddc</subfield>
    <subfield code="5">1</subfield>
    <subfield code="7">1</subfield>
    <subfield code="8">PD-F</subfield>
    <subfield code="a">BNPHU</subfield>
    <subfield code="b">PD</subfield>
    <subfield code="c">HD</subfield>
    <subfield code="d">2018-07-23</subfield>
    <subfield code="l">0</subfield>
    <subfield code="o">BNPHU PD 320.97293 R426m</subfield>
    <subfield code="p">2021-2234</subfield>
    <subfield code="r">2021-06-23</subfield>
    <subfield code="t">2020-2004</subfield>
    <subfield code="w">2021-06-23</subfield>
    <subfield code="y">LBS1</subfield>
  </datafield>
  <datafield tag="952" ind1=" " ind2=" ">
    <subfield code="0">0</subfield>
    <subfield code="1">0</subfield>
    <subfield code="2">ddc</subfield>
    <subfield code="5">1</subfield>
    <subfield code="7">2</subfield>
    <subfield code="8">PD</subfield>
    <subfield code="a">BNPHU</subfield>
    <subfield code="b">PD</subfield>
    <subfield code="c">HD</subfield>
    <subfield code="d">2021-08-20</subfield>
    <subfield code="l">0</subfield>
    <subfield code="o">BNPHU PD 320.97293 R426m</subfield>
    <subfield code="p">2021-25555</subfield>
    <subfield code="r">2021-08-20</subfield>
    <subfield code="t">e.2</subfield>
    <subfield code="w">2021-08-20</subfield>
    <subfield code="y">LFPD</subfield>
  </datafield>
  <datafield tag="999" ind1=" " ind2=" ">
    <subfield code="c">49995</subfield>
    <subfield code="d">49995</subfield>
  </datafield>
</record>
